Statistics for Red vs. Blue quiz

Click here to take the quiz!

General Stats

  • This quiz has been taken 430 times
    (29 since last reset)
  • The average score is 51 of 113

Answer Stats

Answer % Correct
'Sarge'
85%
Texas/Beta
85%
Lopez the Heavy
85%
Frank DuFresne
85%
Leonard Church
85%
Lavernius Tucker
85%
Michael J Caboose
85%
Carolina
80%
Florida
80%
Black
80%
Franklin Delano Donut
80%
Butch Flowers
80%
Dexter Grif
80%
Richard Simmons
80%
North Dakota
75%
Omega
75%
South Dakota
75%
Cyan
75%
Blue/White
75%
Cobalt/White
75%
Blue/White
75%
Washington
75%
Freckles
75%
Grey/Yellow
75%
White/Brown
75%
White
75%
Blue
75%
Sheila
75%
Wyoming
75%
Kaikaina 'Sister' Grif
75%
Andy
75%
Purple/Green
70%
Sigma
70%
Purple/Lime
70%
Felix (Isaac Gates)
70%
Delta
70%
Locus (Samuel Ortez)
70%
Lopez Dos.0
70%
Maine/The Meta
70%
Santa
65%
Junior
65%
Gamma/Gary
65%
York
65%
VIC
65%
Tan
65%
Epsilon
60%
Theta
60%
Aiden Price
60%
Four Seven Niner (Ash)
60%
Green
55%
Rage
55%
Georgia
50%
Malcolm Hargrove
50%
General Vanessa Kimball
50%
General Donald Doyle
50%
Biff
45%
Loco
45%
Eta and Iota
45%
Lieutenant John Andersmith
45%
Fear & Joy
40%
Jax Jonez
40%
Idaho
40%
Connecticut
40%
Memory
40%
Temple
40%
Brown
40%
Dr. Emily Grey
40%
Lieutenant Katie Jensen
35%
Iowa
35%
Ohio
35%
Dylan Andrews
35%
Surge
35%
Sharkface
35%
Creativity
35%
Lieutenant Charles Palomo
35%
Logic
35%
Cronut
30%
Siris (Mason Wu)
30%
Deceit
30%
Chrovos
25%
Lieutenant Antoine Bitters
25%
Trust
25%
Huggins
25%
C.C.
20%
Muggins
20%
Matthews
20%
Gene
15%
Genkins
15%
Gabriel Lozano
10%
Kalirama
10%
Bucky
10%
Cherry
10%
Atlus Arcadium Rex
10%
Ruben Lozano
10%
Burnstorm
5%
The Fates
5%
Morgan
5%
Lorenzo
5%
Peake
5%
Terrill
5%
Sherry
5%
Drag
0%
Santos
0%
Sue
0%
Turf
0%
Kohan Wooter
0%
Labyrinth
0%
Spencer Porkinsenson
0%
James Adler
0%
Darryl
0%
Dr. Duhansen
0%
Apovos
0%
Carlos Trabka
0%

Score Distribution

Percentile by Number Answered

Percent of People with Each Score

Your Score History

You have not taken this quiz since the last reset